| 000 | 01106cam a22003015a 4500 | ||
|---|---|---|---|
| 001 | 18420887 | ||
| 005 | 20161016114715.0 | ||
| 008 | 141229s2016 enka frb 001 0 eng d | ||
| 020 | _a9781138812758 (hardback : alk. paper) | ||
| 020 | _a9781138812765 | ||
| 040 |
_aDLC _beng _cDLC _dDLC _dEG-ScBUE |
||
| 082 | 0 | 4 |
_a381.41091767 _222 _bHAL |
| 245 | 0 | 0 |
_aHalal matters : _bIslam, politics and markets in global perspective / _cedited by Florence Bergeaud-Blackler, John Lever and Johan Fischer. |
| 260 |
_aOxon ; _aNew York : _bRoutledge / Taylor & Francis Group, _c2016. |
||
| 300 |
_aix, 203 p. : _cill. ; _b24 cm. |
||
| 500 | _aIndex : p. [198]-203. | ||
| 504 | _aIncludes bibliographical references. | ||
| 650 | 0 |
_aHalal food industry. _2BUEsh |
|
| 650 | 0 |
_aMuslims _xDietary laws. _2BUEsh |
|
| 650 | 0 |
_aFood _xReligious aspects _xIslam. _2BUEsh |
|
| 650 | 0 |
_aGlobalization _xReligious aspects. _2BUEsh |
|
| 651 | _2BUEsh | ||
| 653 |
_bEEENG _cOctober2016 |
||
| 700 | 1 |
_aBergeaud-Blackler, Florence, _eeditor. |
|
| 700 | 1 |
_aLever, John, _eeditor. |
|
| 700 | 1 |
_aFischer, Johan, _eeditor. |
|
| 942 | _2ddc | ||
| 999 |
_c22598 _d22570 |
||